Match Song To Album - Blink-182 - Statistics

General Stats
  • This quiz has been taken 115 times
  • The average score is 22 of 30
Answer Stats
Song Album % Correct
All the Small Things Enema of the State
98%
Feeling This Blink-182 (Self-Titled)
95%
Anthem Part Two Take Off Your Pants And Jacket
93%
What's My Age Again? Enema of the State
91%
Cynical California
85%
ONE MORE TIME One More Time...
85%
Man Overboard The Mark, Tom, and Travis Show
81%
Down Blink-182 (Self-Titled)
79%
M+M's Cheshire Cat
79%
Anthem Enema of the State
77%
Ghost On the Dance Floor Neighborhoods
77%
Asthenia Blink-182 (Self-Titled)
76%
Stockholm Syndrome Blink-182 (Self-Titled)
76%
Up All Night Neighborhoods
74%
Blame It On My Youth NINE
73%
Go Blink-182 (Self-Titled)
71%
Touchdown Boy Cheshire Cat
71%
Lemmings Dude Ranch
71%
One Some Emo Shit NINE
70%
Emo Dude Ranch
69%
Pathetic Dude Ranch
67%
Voyeur Dude Ranch
65%
MH.4.18.2011 Neighborhoods
64%
A New Hope Dude Ranch
62%
Heart's All Gone Neighborhoods
60%
Remember To Forget Me NINE
60%
Not Now Greatest Hits
59%
Snake Charmer Neighborhoods
59%
When I Was Young Dogs Eating Dogs
56%
Degenerate Buddha
48%
No matching quizzes found
Score Distribution
Percent of People with Each Score
Percentile by Number Answered
Your Score History
You have not taken this quiz